Caste,politics and the Raj (Record no. 523422)

MARC details
000 -LEADER
fixed length control field 00740nam a2200253Ia 4500
003 - CONTROL NUMBER IDENTIFIER
control field OSt
005 - DATE AND TIME OF LATEST TRANSACTION
control field 20220925192812.0
008 - FIXED-LENGTH DATA ELEMENTS--GENERAL INFORMATION
fixed length control field 220923b |||||||| |||| 00| 0 eng d
020 ## - INTERNATIONAL STANDARD BOOK NUMBER
International Standard Book Number 8170740665
037 ## - SOURCE OF ACQUISITION
Terms of availability General Book
040 ## - CATALOGING SOURCE
Original cataloging agency RTL
Transcribing agency RTL
Language of cataloging eng
041 ## - LANGUAGE CODE
Source of code eng
Language code of text/sound track or separate title eng
100 ## - MAIN ENTRY--PERSONAL NAME
Personal name Bandyopandhayay Sekhar
9 (RLIN) 246437
245 #0 - TITLE STATEMENT
Title Caste,politics and the Raj
Remainder of title Bengal 1872-1937
260 ## - PUBLICATION, DISTRIBUTION, ETC.
Place of publication, distribution, etc. Calcutta
Name of publisher, distributor, etc. K P Bagchi
Date of publication, distribution, etc. 1990
300 ## - PHYSICAL DESCRIPTION
Extent ix,232p
Dimensions cm.
500 ## - GENERAL NOTE
General note Bibiliogarphy P 215-24
650 ## - SUBJECT ADDED ENTRY--TOPICAL TERM
Topical term or geographic name entry element Caste
9 (RLIN) 184358
942 ## - ADDED ENTRY ELEMENTS (KOHA)
Classification part Y592.275.N37<--M72, N0
Koha item type General Books
Source of classification or shelving scheme Colon Classification (CC)

No items available.

Copyright @ Delhi University Library System